| 000 | 00731cam a22002295a 4500 | ||
|---|---|---|---|
| 001 | 780642 | ||
| 005 | 20180204113936.0 | ||
| 008 | 730813s1973 nju frb 000 0 eng d | ||
| 040 |
_aDLC _cDLC _dDLC _dEG-ScBUE _beng |
||
| 082 | 0 | 4 |
_a658.8 _222 _bBOO |
| 100 | 1 |
_aBoone, Louis E., _ecomp. |
|
| 245 | 1 | 0 |
_aMarketing channels / _cLouis E. Boone, James C. Johnson. |
| 260 |
_aMorristown : _bGeneral Learning Press, _c1973. |
||
| 300 |
_axiii, 517 p. _c23 cm. |
||
| 490 | 0 | _aGeneral Learning Press marketing series | |
| 504 | _aBibliography : p. 501-515. | ||
| 541 | _aDonation from David Kirby. | ||
| 650 | 7 |
_aMarketing channels. _2BUEsh |
|
| 653 |
_bBUSADM _bGGEN _cJanuary2018 |
||
| 700 | 1 |
_aJohnson, James C., _d1944- |
|
| 942 | _2ddc | ||
| 999 |
_c26071 _d26043 |
||